000 00372nam a2200157Ia 4500
008 230711s9999||||xx |||||||||||||| ||und||
041 _aENG
082 _a800
_bAV-P
100 _aAvtar Singh
245 0 _aPerspective of western drama
250 _a1st Ed.
260 _c1991
_aNew Delhi
_bHarman Publishing House
300 _a276
650 _aLiterature
942 _cBK
999 _c1986
_d1986